000 02693cam a22004574i 4500
003 PE-LiUPU
005 20250731173051.0
008 180108s r 000 0 spa d
020 _a9781602585737
035 _a(Sirsi) a240897
082 0 4 _a222.15077
_bR71
_223
100 1 _aRobson, James
_q(James E.),
_e autor.
245 _aDeuteronomy 1-11 :
_ba handbook on the Hebrew text /
_c James E. Robson.
264 1 _aWaco, Texas :
_b Baylor University Press,
_c [2016]
300 _axii, 372 pages ;
_c 21 centímetros.
336 _atext
_2rdacontent
337 _aunmediated
_2rdamedia
338 _avolume
_2rdacarrier
490 0 _aBaylor handbook on the Hebrew Bible
504 _aBibliografía : páginas 359-365.
504 _aÍndices : páginas 366-372.
505 0 _aMoses' First Address: 1:1-4:49. Deuteronomy 1:1-5 -- Deuteronomy 1:6-8 -- Deuteronomy 1:9-18 -- Deuteronomy 1:19-25 -- Deuteronomy 1:26-33 -- Deuteronomy 1:34-40 -- Deuteronomy 1:41-2:1 -- Deuteronomy 2:2-8a-- Deuteronomy 2:8b-15 -- Deuteronomy 2:16-25 -- Deuteronomy 2:26-37 -- Deuteronomy 3:1-7 -- Deuteronomy 3:8-17 -- Deuteronomy 3:18-22 -- Deuteronomy 3:23-29 -- Deuteronomy 4:1-8 -- Deuteronomy 4:9-14 -- Deuteronomy 4:15-22 -- Deuteronomy 4:23-31 -- Deuteronomy 4:32-40 -- Deuteronomy 4:41-43 -- Deuteronomy 4:44-49 -- Moses's Second Address: 5:1 -- 11:32 (26:19). Deuteronomy 5:1-5 -- Deuteronomy 5:22-33 -- Deuteronomy 6:1-3 -- Deuteronomy 6:4-9 -- Deuteronomy 6:10-19 -- Deuteronomy 6:20-25 -- Deuteronomy 7:1-6a -- Deuteronomy 7:6b-11 -- Deuteronomy 7:12-16 -- Deuteronomy 7:17-24 -- Deuteronomy 7:25-26 -- Deuteronomy 8:1-10 -- Deuteronomy 8:11-20 -- Deuteronomy 9:1-6 -- Deuteronomy 9 :7-24 -- Deuteronomy 9:25-29 -- Deuteronomy 10:1-11 -- Deuteronomy 10:12-11:1 -- Deuteronomy 11:2-9 -- Deuteronomy 11:10-12 -- Deuteronomy 11:13-17 -- Deuteronomy 11:18-21 -- Deuteronomy 11:22-25 -- Deuteronomy 11:26-32. Glossary. Works Cited. Author Index. Subject Index.
526 _aSEG42
526 _aSEG41
526 _aSEG40
526 _aSEG39
526 _aP94
526 _aP87
526 _aP86
526 _aP85
526 _aP77
526 _aP76
526 _aP35
630 0 4 _aBible.
_pDeuteronomy, I-XI
_xCriticism, interpretation, etc.
630 0 4 _aBiblia.
_pDeuteronomio, I-XI
_xCriticismo, interpretación, etc.
910 _adbm
_bebj
_cebj
_d20171205
596 _a1
942 _2ddc
_cBOOK
999 _a222.15077 R71
_wDEWEY
_c26591
_i77880
_d26591
_f2021-11-9
_g4
_lCCODEBUL1
_mBUL
_p24.97
_q1
_r0
_sY
_tBOOK
_u2018-1-8
_xTEOLOGIA
_PP85
_0COMPRA
_o.STAFF. Colección Teología.
980 _81
_gALBERTO SANCHEZ Responsable de Automatización